| 000 | 00000nam 2200000za 4500 |
| 001 | 9.694375 |
| 003 | CaOODSP |
| 005 | 20210624234104 |
| 007 | cr ||||||||||| |
| 008 | 150407|2005||||xxc|||||o f|0| 0 eng d |
| 040 | |aCaOODSP|beng |
| 043 | |an-cn--- |
| 086 | 1 |aT46-14/2005E-PDF |
| 110 | 1 |aCanada. |bTransport Canada. |bPolicy and Coordination. |
| 245 | 10|aOperating costs of trucks in Canada, 2005 / |h[electronic resource]|cPrepared for the Economic Analysis Directorate by Logistic Solution Builders Inc. |
| 260 | |aOttawa - Ontario : |bTransport Canada. |c2005. |
| 300 | |a78p.|bcoloured figs., graphs, tables, photographs |
| 500 | |a"These efforts apply a detailed generalized costing methodology, to describe typical motor carrier operations, on a regional basis. In these analyses, the implications of various regulatory and operational factors across the country are explored for both dry freight and bulk carriers, for a number of commonly used vehicle configurations."--Page v. Prepared for the Motor Carrier Policy and Programs by Trimac Consulting Services Ltd. Issued by Policy and Coordination. |
| 500 | |a"This 2005 edition of Operating Costs of Trucks in Canada is the latest edition in a report series sponsored by Transport Canada since 1972. Prior editions are available from Transport Canada. The most recent prior edition is the 2003 study."--Page 4 of 78, Executive summary. |
| 520 | 3 |aThese efforts apply a detailed generalized costing methodology, to describe typical motor carrier operations, on a regional basis. In these analyses, the implications of various regulatory and operational factors across the country are explored for both dry freight and bulk carriers, for a number of commonly used vehicle configurations.--Page v |
| 590 | |a11-05-Supp|b2011-03-15 |
| 690 | 07|aTrucks|2gcpds |
| 690 | 07|aCosts|2gcpds |
| 775 | 08|tFrais d'exploitation des camions au Canada, 2005 / |w(CaOODSP)9.638553 |
| 856 | 40|ahttp://publications.gc.ca|qPDF|s1075 KB|uhttps://publications.gc.ca/collections/collection_2011/tc/T46-14-2005-eng.pdf |
| 986 | |aT8080-05-0242 |